000 06077ncm0a2200709 4500
001 RU\NLR\ONIZ\303187
005 20260315072848.0
035 _a(NLR Aleph) 022751077
071 2 0 _a32026
090 _a13634967
_c13634967
100 _a20231124d1933 u y0rusy50 ca
101 0 _ager
_arus
102 _aRU
125 _aa|
145 0 _ab
200 1 _aЛистки из альбома
_bНоты
_e20 фортепианных пьес
_dAlbumblätter
_e20 clavierstücke
_eop. 124 (componirt 1832-1845)
_zger
_fР. Шуман
_g[ред.] (А. Гольденвейзер)
203 _aМузыка
_bзнаковая
_bвизуальная
_cнепосредственная
210 _aМосква
_cГосударственное музыкальное издательство
_d1933
215 _a29 с.
_d31 см
300 _aПеред нот. текстом: Frau Alma vo Wasielewski zugeeignet
313 _aСистематизация документа проведена по изданию - Методика классифицирования музыкальных произведений (нотных изданий) по таблицам Библиотечно-библиографических классификаций : метод. рекомендации / Гос. б-ка СССР им. В.И. Ленина.- М., 1977. Индексу ББК методических рекомендаций присваивается код ББК для научных библиотек - LBC/SL
317 _6b05899
_5NLR
_aНа тит. л. рукоп.: Уч-це Болховитиновой Н. кл. пед. Лапиной О. В. за хорошую успеваемость. Уч. часть. ДДК - ДХВО 12?/I-35 г.
327 1 _a1. Экспромпт = Impromptu : [d-moll] ;
_a2. Печальное предчувствие = Leides Ahnung ;
_a3. Маленькое скерцо = Scherzino ;
_a4. Вальс = Walzer : [amoll] ;
_a5. Фантастический танец = Phantasietanz ;
_a6. Колыбельная песенка = Wiegenliedchen ;
_a7. Лэндлер : (старинный танец) = Ländler ;
_a8. Безпредельная скорбь = Leid ohne Ende ;
_a9. Экспромпт = Impromptu : [B-dur] ;
_a10. Вальс = Walzer : [Es-dur] ;
_a11. Романс = Romanze ;
_a12. Шутка = Burla ;
_a13. Largetto ;
_a14. Видение = Vision ;
_a15. Вальс = Walzer : [Es-dur] ;
_a16. Колыбельная песня = Schlummerlied ;
_a17. Эльф = Elfe ;
_a18. Послание = Botschaft ;
_a19. Фантастический отрывок = Phantasiestück ;
_a20. Канон = Canon
464 0 _12001#$aЭкспромпт$dImpromptu$e[d-moll]$zger
_1215##$aС.3
_tЭкспромпт
464 0 _12001#$aПечальное предчувствие$dLeides Ahnung$zger
_1215##$aС.4
_tПечальное предчувствие
464 0 _12001#$aМаленькое скерцо$dScherzino$zger
_1215##$aС.5
_tМаленькое скерцо
464 0 _12001#$aВальс$dWalzer$e[amoll]$zger
_1215##$aС.6
_tВальс
464 0 _12001#$aФантастический танец$dPhantasietanz$zger
_1215##$aС.7
_tФантастический танец
464 0 _12001#$aКолыбельная песенка$dWiegenliedchen$zger
_1215##$aС.8-9
_tКолыбельная песенка
464 0 _12001#$aЛэндлер$e(старинный танец)$dLändler$zger
_1215##$aС.9
_tЛэндлер
464 0 _12001#$aБезпредельная скорбь$dLeid ohne Ende$zger
_1215##$aС.10-11
_tБезпредельная скорбь
464 0 _12001#$aЭкспромпт$dImpromptu$e[B-dur]$zger
_1215##$aС.12
_tЭкспромпт
464 0 _12001#$aВальс$dWalzer$e[Es-dur]$zger
_1215##$aС.13
_tВальс
464 0 _12001#$aРоманс$dRomanze$zger
_1215##$aС.14-15
_tРоманс
464 0 _12001#$aШутка$dBurla$zger
_1215##$aС.16-17
_tШутка
464 0 _12001#$aLargetto
_1215##$aС.18
_tLargetto
464 0 _12001#$aВидение$dVision$zger
_1215##$aС.18-19
_tВидение
464 0 _12001#$aВальс$dWalzer$e[Es-dur]$zger
_1215##$aС.20
_tВальс
464 0 _12001#$aКолыбельная песня$dSchlummerlied$zger
_1215##$aС.21-24
_tКолыбельная песня
464 0 _12001#$aЭльф$dElfe$zger
_1215##$aС.25
_16061#$aЭльфы (мифологический образ)$xМузыкальные интерпретации$jНоты$2nlr_sh
_tЭльф
464 0 _12001#$aПослание$dBotschaft$zger
_1215##$aС.26
_tПослание
464 0 _12001#$aФантастический отрывок$dPhantasiestück$zger
_1215##$aС.27-29
_tФантастический отрывок
464 0 _12001#$aКанон$dCanon$zger
_1215##$aС.29
_tКанон
606 1 _aФортепианная музыка немецкая
_z19 в.
_jНоты
_2nlr_sh
606 1 _aМузыкальные произведения для фортепиано
_yГермания
_z19 в.
_jНоты
_2nlr_sh
606 1 _aФортепианные циклы
_yГермания
_z19 в.
_jНоты
_2nlr_sh
606 1 _aЦиклы характерных и лирических пьес
_yГермания
_z19 в.
_jНоты
_2nlr_sh
686 0 _aЩ954.2-054(4Г)
700 1 _9z01790
_aШуман
_bР.
_f1810-1856
_gРоберт
_4230
_7ca
702 1 _9z03790
_aВасилевски
_bА. Й. Л.
_f1827-1871
_gАльма Йоханна Луиза
_4280
_7ca
702 1 _9z04790
_aГольденвейзер
_bА.Б.
_f1875-1961
_gАлександр Борисович
_4340
_7ca
790 1 _9z01700
_aSchumann
_bR.
_f1810-1856
_gRobert
_4230
_7ba
790 1 _9z03702
_aWasielewski
_bA. von
_f1827-1871
_gAlma von
_4280
_7ba
790 1 _9z04702
_aGoldenweiser
_bA. B.
_f1875-1961
_gAleksandr Borisovich
_4340
_7ba
801 0 _aRU
_bNLR
_c20231124
_gPSBO
801 1 _aRU
_bNLR
_c20231124
_2rusmarc
801 2 _aRU
_bNLR
_c20231124
852 _6b05317
_aNLR
_jМ К-4/6807
_m274503
_t1
942 _cSCORE
980 _aONIZ
980 _aNB